000 01493nam a2200409 i 4500
001 24697
003 KOSZ 005
005 20221216143621.0
008 980702s1995 pl a |000 0 pol
015 _aPB 1996/1051
020 _a8320810035
040 _aWA N
_cWA N
_dKOSZ 005/HR
041 1 _apol
_heng
046 _k1989
080 _a339.138
080 _a658.1/.5
100 1 _aBreen, George Edward
_d(1911-2006)
_eAutor
245 1 0 _aBadania marketingowe w twojej firmie /
_cGeorge E. Breen, Albert B. Blankenship ; il. Howard Munce ; przekł. [z ang.] Andrzej Ehrlich.
246 1 _iTyt. oryg.:
_aDo it yourself marketing research,
_f1989.
260 _aWarszawa :
_bPaństwowe Wydawnictwo Ekonomiczne,
_c1995.
300 _a247, [1] s. :
_bil. ;
_c25 cm.
336 _2rdacontent
_aTekst
_btxt
337 _2rdamedia
_aBez urządzenia pośredniczącego
_bn
338 _2rdacarrier
_aWolumin
_bnc
380 _aKsiążki
388 _a1901-2000
388 _a1989-2000
650 4 _aPrzedsiębiorstwo
650 4 _aBadania marketingowe
658 _aZarządzanie i marketing
700 1 _aEhrlich, Andrzej
_eTłumaczenie
700 1 _aBlankenship, Albert Breneman
_d(1914- )
_eAutor
700 1 _aMunce, Howard
_eIlustracje
710 2 _aPaństwowe Wydawnictwo Ekonomiczne
_4pbl.
856 _uhttp://koha.tu.koszalin.pl/cgi-bin/koha/opac-detail.pl?biblionumber=24697
_yKatalog online BPK
942 _2UKD
_cKS
999 _c24697
_d24697